000
00239nam a22001217a 4500
003
SGT
082
_a
364.15
_b
SAN
100
_a
SANDEEP
245
_a
THE CRIME OF GENOCIDE AN ANALYSIS
260
_c
2021
300
_a
54
942
_2
ddc
_c
TH
999
_c
34057
_d
34057